فن التعليم عند بدر الدين بن جماعة 639هـ - 733هـ : (رقم التسجيلة. 14694)

تفاصيل مارك
000 -LEADER
fixed length control field 00764nam a22001937a 4500
005 - DATE AND TIME OF LATEST TRANSACTION
control field 20251108164811.0
008 - FIXED-LENGTH DATA ELEMENTS--GENERAL INFORMATION
fixed length control field 250721s1985 xx 000 0 ara d
082 14 - DEWEY DECIMAL CLASSIFICATION NUMBER
Classification number 370.9560638/حسن
100 1# - MAIN ENTRY--PERSONAL NAME
Personal name عبد العال، حسن إبراهيم
245 10 - TITLE STATEMENT
Title فن التعليم عند بدر الدين بن جماعة 639هـ - 733هـ :
Remainder of title كما يبدو في كتابه تذكرة السامع و المتكلم في أدب العالم و المتعلم /
264 1# - PRODUCTION, PUBLICATION, DISTRIBUTION, MANUFACTURE, AND COPYRIGHT NOTICE
Place of production, publication, distribution, manufacture الرياض :
Name of producer, publisher, distributor, manufacturer مكتب التربية العربي لدول الخليج،
Date of production, publication, distribution, manufacture, or copyright notice 1985.
300 ## - PHYSICAL DESCRIPTION
Extent 261ص
650 17 - SUBJECT ADDED ENTRY--TOPICAL TERM
Topical term or geographic name as entry element التربية
650 17 - SUBJECT ADDED ENTRY--TOPICAL TERM
Topical term or geographic name as entry element تاريخ التربية
650 17 - SUBJECT ADDED ENTRY--TOPICAL TERM
Topical term or geographic name as entry element المماليك 1250-1517
650 17 - SUBJECT ADDED ENTRY--TOPICAL TERM
Topical term or geographic name as entry element التدريس
942 ## - ADDED ENTRY ELEMENTS (KOHA)
Source of classification or shelving scheme Dewey Decimal Classification
Koha item type كتب
المقتنيات
حالة السحب حالة الفقدان مصدر التصنيف حالة التلف غير قابل للإعارة المكتبة الرئيسية المكتبة الحالية موقع الرف تاريخ التزويد الرقم المتسلسل Total Checkouts رقم الإستدعاء الباركود تاريخ آخر ظهور تاريخ الفاتورة نوع المادة (كوها)
    Dewey Decimal Classification     مكتبة البراعم الواعدة مكتبة البراعم الواعدة الإعارة 19/11/2015 1474083   370.9560638/حسن PLD00365779 28/07/2025 19/11/2015 كتب
Implemented & Customized by: BBB with SCIT (Smart Chains for Information Technology)

Powered by Koha